| 000 | 01252cam a22003012 4500 | ||
|---|---|---|---|
| 001 | 0000025292 | ||
| 005 | 20151217145957.0 | ||
| 008 | 150605s xxa 000 0 eng d | ||
| 020 | _c1451130607 | ||
| 040 |
_aKABU _cKABU |
||
| 100 | 1 |
_aHinkle, Junice L. _@0000185851 |
|
| 245 | 1 | 0 |
_aBrunner & Suddarth's Textbook of medical-Surgical Nursing. / _cby Janice L. Hinkle, Kerry H.Cheever. |
| 260 |
_aPhiladelphia. : _bWolters Kluwer, _c2014. |
||
| 300 | _a1 vol. (various paging). | ||
| 650 | 0 |
_aNursing care. _@0000179336 |
|
| 650 | 0 |
_aPerioperative nursing. _@0000185852 |
|
| 700 | 1 |
_aCheever, Kerry H. _@0000185853 |
|
| 852 | 1 | _9p7261.80 KES | |
| 852 | 1 | _9p7261.80 KES | |
| 852 | 1 | _9p7261.80 KES | |
| 852 | 1 | _9p7261.80 KES | |
| 852 | 1 | _9p7261.80 KES | |
| 852 | 1 | _9p7261.80 KES | |
| 852 | 1 | _9p7261.80 KES | |
| 852 | 1 | _9p7261.80 KES | |
| 908 | _a150605 | ||
| 950 | _@1 | ||
| 999 |
_c4682 _d4682 |
||